Language Quiz

Random Language Quiz

Pictured Anagram Pairs III Quiz Stats

Quiz Updated Dec 17, 2015

Challenge
Share
Tweet
Score 0/18 Timer 05:00
5 Plays Today
% Correct
Beard-Bread
98.9%
God-Dog
97.6%
Rock-Cork
88.6%
Sub-Bus
86.9%
Oscar-Orcas
82.6%
Petals-Plates
82%
Crater-Carter
80.3%
Goat-Toga
79%
Kale-Lake
77%
% Correct
Tarp-Trap
76%
Raptor-Parrot
73.1%
Wand-Dawn
70.9%
Anime-Maine
67.3%
Plane-Nepal
64%
Game-Mage
59.9%
Mesa-Seam
52.6%
Bangles-Bengals
50%
Spine-Snipe
41.2%

You're not logged in!

Compare scores with friends on all Sporcle quizzes.
Join for Free
OR
Log In

You Might Also Like...

Show Comments

Extras

Top Quizzes Today


Score Distribution

Your Account Isn't Verified!

In order to create a playlist on Sporcle, you need to verify the email address you used during registration. Go to your Sporcle Settings to finish the process.

Report this User

Report this user for behavior that violates our Community Guidelines.

Details: